000 00647nam a2200205Ia 4500
005 20250923144648.0
008 008 250917s9999 xx 000 0 eng d
037 _aTextual
040 _aDSWL
_beng
_cDSWL
041 _aeng
_2eng
084 _aY:5(L9B1,5191).2,N5<-N01, N59
_qDSWL
100 _aChandrasekhar, S.
_9827124
245 0 _aInfant morlality in India, 1901-55
_cby S. Chandrasekhar
260 _aLondon
_b Ruskin House George Allen & Unwin Ltd.
_c1959
300 _a175p.
365 _aINR
_b20
925 _g20
942 _cTEXL
_hY:5(L9B1,5191).2,N5<-N01, N59
999 _c1441766
_d1441766